Datum a čas kvízu
6
Celkem bodů
Celkový počet nahraných bodů na tomto kvízu bez doplňovacích otázek.
5.
Pořadí na kvízu
Konečné umístění týmu na tomto kvízu.
Zaznamenané odpovědi
| # | Otázka | Odpověď | Body | Výsledky |
|---|---|---|---|---|
| 1. | Do boudy na hřebenech Krkonoš,... | 1 | ||
| 2. | Spojené státy a Izrael ve stře... | 0 | ||
| 3. | K Nejvyššímu soudu nastoupilo... | 0 | ||
| 4. | Zákazníci v jedné evropské zem... | 0 | ||
| 5. | Nad očekávání dobře si v průbě... | 0 | ||
| 6. | Věříme tomu, že nemálo z Vás v... | 0 | ||
| 7. | Poznáte podle fotky jedno z ne... | 0 | ||
| 8. | Ve kterém městě najdeme toto k... | 0 | ||
| 9. | Ve spolkové zemi Salcbursko se... | 0 | ||
| 10. | Která dvě česká slova jsou nap... | 0 |